| 000 | 00539nam a2200181 a 4500 | ||
|---|---|---|---|
| 001 | 2505 | ||
| 005 | 20140414131923.0 | ||
| 008 | 050602s19uu xx 00 eng d | ||
| 020 | _a0-7214-2973-4 | ||
| 050 |
_aER _bZo1 1999 |
||
| 100 | _aButterfield, Moira | ||
| 245 |
_aZoo animals / _cby Moira Butterfield ; illustrated by Caroline Jayne Church. |
||
| 260 |
_aLeicestershire, UK : _bLadybird Books, _c1999. |
||
| 300 | _a1 v. p. : ill. ; cm. | ||
| 440 | _aLook and talk | ||
| 650 |
_aAnimals _xJuvenile literature. |
||
| 999 |
_c111838 _d111838 |
||